[Event "Gibraltar Masters 2019"]
[Site "Caleta ENG"]
[Date "2019.01.30"]
[Round "9.59"]
[White "Belenkaya,D"]
[Black "Javakhishvili,L"]
[Result "0-1"]
[WhiteElo "2357"]
[BlackElo "2452"]

1.e4 c5 2.Nf3 e6 3.c4 Nc6 4.Nc3 Nd4 5.g3 Ne7 6.Bg2 Nec6 7.a3 a6 8.Rb1 Rb8
9.d3 b5 10.cxb5 axb5 11.O-O b4 12.axb4 Nxb4 13.e5 Ba6 14.Ne1 Be7 15.Ne4 O-O
16.Be3 Nd5 17.Ra1 Qb6 18.Qh5 Bb7 19.Rb1 f5 20.Ng5 Bxg5 21.Bxg5 Qc7 22.Rc1 Qxe5
23.Rxc5 f4 24.Be4 h6 25.gxf4 Rxf4 26.Bxf4 Qxh5 27.Bxb8 Qh3 28.Bg2 Ne2+ 29.Kh1 Ndf4
30.Bxf4 Bxg2+ 31.Nxg2 Nxf4 32.Rg1 Nxd3 33.Rc8+ Kf7 34.Rf1 Ne5 35.Rd1 d5 36.Ra1 Nf3
37.Ra7+ Kf6 38.Rf8+ Ke5 39.Rxf3 Qxf3 40.h4 Qxf2 41.Rxg7 d4 42.b4 d3 43.Rd7 d2
44.Kh2 Qe2  0-1

[Event "Gibraltar Masters 2019"]
[Site "Caleta ENG"]
[Date "2019.01.30"]
[Round "9.58"]
[White "Hanley,C"]
[Black "Lane,G"]
[Result "1-0"]
[WhiteElo "2452"]
[BlackElo "2358"]

1.e4 e5 2.f4 exf4 3.Nf3 d6 4.d4 g5 5.h4 g4 6.Ng1 f5 7.Bxf4 fxe4 8.Nc3 Nf6
9.Bg5 Bg7 10.Bc4 c6 11.Qd2 d5 12.Bb3 h6 13.Be3 Be6 14.Nge2 Nbd7 15.Ng3 Qe7
16.Nce2 O-O-O 17.Nf4 Rhg8 18.O-O Kb8 19.a4 Bf8 20.a5 Ne8 21.Nxe4 Nc7 22.Ng3 Qxh4
23.Nxe6 Nxe6 24.Bf4+ Ka8 25.a6 b5 26.Nf5 Qf6 27.Bg3 Ng5 28.Qf4 Ne6 29.Qe3 Ng5
30.Qd3 Nc5 31.dxc5 Bxc5+ 32.Kh1 Ne4 33.Nh4 Qe7 34.Rf5 Bd6 35.Be1 Rg5 36.Bxd5 cxd5
37.Qxd5+ Kb8 38.Qxb5+ Ka8 39.Qc6+ Kb8 40.Raa5 Bc5 41.Raxc5  1-0

[Event "Gibraltar Masters 2019"]
[Site "Caleta ENG"]
[Date "2019.01.30"]
[Round "9.57"]
[White "Rahul,Srivatshav P"]
[Black "Haldorsen,Benjamin"]
[Result "1/2-1/2"]
[WhiteElo "2370"]
[BlackElo "2454"]

1.d4 d5 2.Bf4 Nf6 3.e3 c5 4.c3 Nc6 5.Nd2 Bf5 6.Qb3 Qc8 7.Ngf3 c4 8.Qd1 h6
9.Ne5 e6 10.Be2 Be7 11.Bf3 Bh7 12.O-O O-O 13.Re1 Rd8 14.e4 Nxe5 15.Bxe5 b5
16.exd5 exd5 17.Nf1 Qb7 18.Bxf6 Bxf6 19.Ne3 Rac8 20.Ng4 Bg5 21.g3 b4 22.h4 bxc3
23.bxc3 Be7 24.Re5 f6 25.Rxd5 Rxd5 26.Ne3 Rxd4 27.Bxb7 Rxd1+ 28.Rxd1 Rc7
29.Bd5+ Kf8 30.Nxc4 g5 31.h5 Rc5 32.Be6 Rc6 33.Bd5 Rc5 34.Rd2 a5 35.a4 f5
36.Be6 Rc6 37.Bd5 Rc5 38.Be6 Rc6 39.Re2 f4 40.Bd5 Rc7 41.Ne5 Bf6 42.c4 Kg7
43.Ng4 Bc3 44.gxf4 Bf5 45.f3 gxf4 46.Kg2 Bd3 47.Re6 Bxc4 48.Bxc4 Rxc4 49.Rg6+ Kf8
50.Nxh6 Rxa4 51.Nf5 Rc4 52.Kh3 Rc5 53.Kg4 a4 54.Ra6 Ra5 55.Rxa5 Bxa5 56.Kxf4 a3
57.Nd4 a2 58.Nb3 Bc3 59.Ke4 a1=Q 60.Nxa1 Bxa1  1/2-1/2

[Event "Gibraltar Masters 2019"]
[Site "Caleta ENG"]
[Date "2019.01.30"]
[Round "9.56"]
[White "Iniyan,P"]
[Black "Lombaers,P"]
[Result "1-0"]
[WhiteElo "2456"]
[BlackElo "2372"]

1.d4 Nf6 2.c4 g6 3.f3 Bg7 4.e4 d6 5.Be3 O-O 6.Ne2 c5 7.Nbc3 Nc6 8.d5 Ne5
9.Ng3 h5 10.Be2 h4 11.Nf1 e6 12.f4 Nxc4 13.Bxc4 b5 14.Bxb5 exd5 15.e5 Bg4
16.exf6 Bxd1 17.fxg7 Kxg7 18.Rxd1 d4 19.Rxd4 cxd4 20.Bxd4+ f6 21.Ne3 Rb8
22.O-O Qa5 23.Bc4 Rbc8 24.f5 Rfe8 25.Be6 Rc5 26.Ned5 Rxd5 27.Bxd5 Qb4 28.Rd1 gxf5
29.Bf3 Kg6 30.Ne2 Qc4 31.Nf4+ Kh6 32.Bc3 Re3 33.Nd5 Rxf3 34.gxf3 Qe2 35.Rd2 Qxf3
36.Bxf6 h3 37.Bd4 Qg4+ 38.Kf1 Qf3+ 39.Bf2 Qg2+ 40.Ke1 Qh1+ 41.Ke2 Qxh2 42.Nf4 Kg5
43.Rd4 Qh1 44.Be3 Kf6 45.Rd1 Qh2+ 46.Kd3 Ke7 47.Rg1 Qxb2 48.Nxh3 Qa3+ 49.Ke2 Qxa2+
50.Kf3 Qd5+ 51.Kf2 a5 52.Nf4 Qc4 53.Rc1 Qb3 54.Rc3 Qb2+ 55.Ne2 a4 56.Bc1 Qb4
57.Ba3 Qh4+ 58.Ke3 Qe4+ 59.Kd2 Kd7 60.Rd3 d5 61.Rd4 Qf3 62.Rxa4 Qb3 63.Ra7+ Kc8
64.Bc5 Qc4 65.Bd4 Qb3 66.Rf7 Qf3 67.Be3 Qe4 68.Nd4 Qg2+ 69.Kc3 Qe4 70.Nxf5 Qc4+
71.Kd2 Qa2+ 72.Ke1 d4 73.Bf4 d3 74.Nd6+ Kb8 75.Nb5+ Ka8 76.Nc7+ Kb7 77.Nd5+ Kc8
78.Rc7+ Kd8 79.Bg5+ Ke8 80.Re7+  1-0

[Event "Gibraltar Masters 2019"]
[Site "Caleta ENG"]
[Date "2019.01.30"]
[Round "9.55"]
[White "Anand,N"]
[Black "Batsiashvili,N"]
[Result "1/2-1/2"]
[WhiteElo "2373"]
[BlackElo "2459"]

1.e4 e5 2.Nf3 Nc6 3.Bb5 a6 4.Ba4 Nf6 5.O-O Be7 6.Re1 b5 7.Bb3 d6 8.c3 O-O
9.h3 Re8 10.Ng5 Rf8 11.Nf3 Re8 12.d4 Bf8 13.Nbd2 Bb7 14.a4 h6 15.Bc2 exd4
16.cxd4 Nb4 17.Bb1 c5 18.d5 c4 19.Nf1 Nd7 20.Bd2 Nd3 21.Bxd3 cxd3 22.a5 Rc8
23.Ng3 g6 24.Bc3 Rxc3 25.bxc3 Nc5 26.Nd4 Bg7 27.Re3 h5 28.Rxd3 Nxd3 29.Qxd3 Qe7
30.f3 Rc8 31.Nge2 Rc4 32.Kh1 Qc7 33.Qd1 Qc5 34.Nb3 Qf2 35.Nbd4 Bc8 36.Qd3 Bd7
37.f4 Qh4 38.Nf3 Qe7 39.Ned4 Qf6 40.Rf1 Ra4 41.e5 Qxf4 42.Nc6 Qg3 43.e6 fxe6
44.Ne7+ Kh7 45.Nxg6 Qxg6 46.Ng5+ Kh6 47.Nf7+ Kh7 48.Ng5+ Kh6 49.Nf7+  1/2-1/2

[Event "Gibraltar Masters 2019"]
[Site "Caleta ENG"]
[Date "2019.01.30"]
[Round "9.54"]
[White "Hedman,E"]
[Black "Gavrilescu,David"]
[Result "1-0"]
[WhiteElo "2378"]
[BlackElo "2479"]

1.d4 Nf6 2.c4 e6 3.Nf3 d5 4.g3 Bb4+ 5.Bd2 Bd6 6.Bg2 c6 7.O-O Nbd7 8.b3 Ne4
9.Bc1 Qe7 10.a4 a5 11.Ba3 Bxa3 12.Nxa3 O-O 13.Qc1 f5 14.Ne1 b6 15.Nd3 Bb7
16.Qb2 Rac8 17.Rfd1 g5 18.Rac1 f4 19.Rf1 Qg7 20.f3 Nd6 21.Bh3 Rce8 22.gxf4 gxf4+
23.Kh1 Qh6 24.Rg1+ Kh8 25.cxd5 cxd5 26.Bg4 Nf6 27.Nb5 Nxb5 28.axb5 Rf7 29.Ne5 Rg7
30.Rg2 Bc8 31.Qa3 Qh4 32.Rcg1 Reg8 33.Bh5 Rg3 34.Nf7+ Kg7 35.Rxg3+ fxg3 36.Rxg3+ Qxg3
37.hxg3 Nxh5 38.Qe7 Nxg3+ 39.Kh2 Nh5 40.Qc7 Kf6 41.Nd8  1-0

[Event "Gibraltar Masters 2019"]
[Site "Caleta ENG"]
[Date "2019.01.30"]
[Round "9.53"]
[White "Ubilava,E"]
[Black "Zhukova,N"]
[Result "0-1"]
[WhiteElo "2495"]
[BlackElo "2377"]

1.c4 c5 2.Nf3 Nf6 3.g3 d5 4.cxd5 Nxd5 5.Bg2 Nc6 6.d4 cxd4 7.Nxd4 Ndb4 8.Nxc6 Qxd1+
9.Kxd1 Nxc6 10.Bxc6+ bxc6 11.Be3 e5 12.Nc3 Be6 13.f3 a5 14.Na4 Bb4 15.b3 O-O
16.Kc2 f5 17.Rhd1 f4 18.Bc5 Rf6 19.a3 Bxc5 20.Nxc5 Bd5 21.gxf4 exf4 22.Rd4 Re8
23.Kd2 Rf5 24.Nd3 Bxb3 25.Rxf4 Rh5 26.h4 Rf8 27.Rg4 Be6 28.Rg5 Rxh4 29.Rag1 g6
30.Rxa5 Rh2 31.Re5 Bc4 32.Rg4 Bd5 33.Kc3 Rh1 34.Nb4 Bf7 35.Kd2 Ra1 36.Ra5 c5
37.Nc2 Ra2 38.Rb5 Be6 39.Rg1 Bf5 40.e4 Bxe4 41.fxe4 Rf2+ 42.Ke3 Rfxc2 43.Rb8+ Kg7
44.Rb7+ Kh6 45.Kf4 Rh2 46.Ke5 Rxa3 47.Re1 c4 48.Rc7 c3 49.Rc4 c2 50.Rc1 Ra2
51.Kf6 Rf2+ 52.Ke5 Rh2 53.Kf6 g5 54.e5 Rf2+ 55.Ke6 Ra6+ 56.Kd7 Rf7+ 57.Ke8 Kg7
58.R1xc2 Raa7  0-1

[Event "Gibraltar Masters 2019"]
[Site "Caleta ENG"]
[Date "2019.01.30"]
[Round "9.52"]
[White "Kadric,D"]
[Black "Blesic,V"]
[Result "1-0"]
[WhiteElo "2545"]
[BlackElo "2390"]

1.e4 c5 2.Nf3 d6 3.d4 cxd4 4.Nxd4 Nf6 5.Nc3 a6 6.Bc4 e6 7.Bb3 Be7 8.g4 Nc6
9.g5 Nxd4 10.Qxd4 Nh5 11.h4 O-O 12.Be3 b5 13.O-O-O Bd7 14.Rhg1 a5 15.e5 d5
16.a3 b4 17.Ne4 Kh8 18.a4 Qe8 19.Nf6 Bxf6 20.gxf6 g6 21.Bh6 Rg8 22.Rg5 Bxa4
23.Qg4 Bxb3 24.cxb3 Qc6+ 25.Kd2 Nxf6 26.exf6 Rgc8 27.h5 Qc2+ 28.Ke1 Qxb2
29.Bg7+ Kg8 30.hxg6 Qc3+ 31.Kf1  1-0

[Event "Gibraltar Masters 2019"]
[Site "Caleta ENG"]
[Date "2019.01.30"]
[Round "9.51"]
[White "Bellin,R"]
[Black "Harsha,B"]
[Result "0-1"]
[WhiteElo "2312"]
[BlackElo "2481"]

1.Nf3 Nf6 2.c4 b6 3.e3 Bb7 4.Be2 e6 5.O-O c5 6.Nc3 Be7 7.d4 cxd4 8.Nxd4 O-O
9.b3 a6 10.Bb2 Qc7 11.Rc1 Nc6 12.Nf3 Nb8 13.Nd4 d6 14.Bf3 Nbd7 15.Bxb7 Qxb7
16.Qf3 Qxf3 17.gxf3 Rfc8 18.Rfd1 Nc5 19.Kf1 Kf8 20.Ke2 g6 21.Kf1 Rc7 22.Rd2 Rac8
23.Rcd1 Rb8 24.Kg2 Rbc8 25.Kf1 Ke8 26.Kg2 Ncd7 27.Nde2 Nc5 28.Kf1 Nfd7 29.Ne4 Nb7
30.f4 h6 31.Ba3 Ndc5 32.Bxc5 bxc5 33.f3 f5 34.N4g3 Nd8 35.h4 Bxh4 36.Rxd6 Rc6
37.Kg2 Rxd6 38.Rxd6 Rc6 39.Rd1 Bf6 40.e4 Nf7 41.Kf2 Rc8 42.Ke3 Rd8 43.Rg1 Kf8
44.Rf1 Rd7 45.Nc1 Bd4+ 46.Ke2 Nd8 47.Rd1 Nc6 48.Nd3 Ke7 49.Rh1 h5 50.Nf1 a5
51.exf5 exf5 52.Ne3 a4 53.Nd5+ Kd6 54.Ne5 Nxe5 55.fxe5+ Kxe5 56.Kd3 axb3
57.axb3 Ra7 58.Re1+ Kd6 59.Nf4 Ra3 60.Re6+ Kd7 61.Rxg6 Rxb3+ 62.Kc2 Rc3+
63.Kd2 h4 64.Rh6 Rxf3 65.Rxh4 Be3+  0-1

[Event "Gibraltar Masters 2019"]
[Site "Caleta ENG"]
[Date "2019.01.30"]
[Round "9.50"]
[White "Shvayger,Y"]
[Black "Libiszewski,F"]
[Result "1/2-1/2"]
[WhiteElo "2387"]
[BlackElo "2481"]

1.e4 c5 2.Nf3 Nc6 3.Bb5 g6 4.O-O Bg7 5.Re1 Nf6 6.e5 Nd5 7.Nc3 Nc7 8.Bxc6 dxc6
9.Ne4 Ne6 10.d3 b6 11.Be3 Nd4 12.c3 Nxf3+ 13.Qxf3 O-O 14.Bf4 Qd5 15.c4 Qd4
16.Nc3 Bf5 17.Rad1 Rad8 18.h3 h6 19.g4 Be6 20.Be3 Qxe5 21.Bxh6 Qf6 22.Qxf6 exf6
23.Bxg7 Kxg7 24.f3 Rh8 25.Kg2 Rd7 26.Ne4 Rhd8 27.Nf2 f5 28.Rc1 Rd4 29.Re2 Kf6
30.Kg3 Rc8  1/2-1/2

[Event "Gibraltar Masters 2019"]
[Site "Caleta ENG"]
[Date "2019.01.30"]
[Round "9.49"]
[White "Henderson de La Fuente,Lance"]
[Black "Kulon,K"]
[Result "1/2-1/2"]
[WhiteElo "2489"]
[BlackElo "2347"]

1.d4 Nf6 2.c4 g6 3.Nc3 Bg7 4.e4 d6 5.h3 O-O 6.Be3 Na6 7.Nf3 e5 8.d5 Nh5 9.g3 Qe8
10.Be2 f5 11.exf5 gxf5 12.Nh4 Nf6 13.Rg1 c6 14.Qd2 cxd5 15.cxd5 Nc7 16.Bh6 Ne4
17.Nxe4 fxe4 18.Bxg7 Kxg7 19.Qg5+ Kh8 20.Qh6 Kg8 21.Qxd6 Nb5 22.Qh6 Nd4 23.Qg5+ Kh8
24.Bh5 Qa4 25.Qxe5+ Kg8 26.Qg5+ Kh8 27.Bd1 Qa5+ 28.Qd2 Qxd5 29.Bb3 Qc5 30.Rc1 Qb6
31.Rc4 Nxb3 32.axb3 Bxh3 33.Rh1 Rad8 34.Qc3+ Kg8 35.Rc5 Rd3 36.Rg5+ Kf7 37.Qc4+ Be6
38.Qxe4 Qxb3 39.Kf1 Rd1+ 40.Kg2 Bd5 41.Rf5+ Kg7 42.Rg5+ Kf7 43.Rf5+ Kg7 44.Rg5+ Kf7  1/2-1/2

[Event "Gibraltar Masters 2019"]
[Site "Caleta ENG"]
[Date "2019.01.30"]
[Round "9.48"]
[White "Sprenger,J"]
[Black "Galinsky,T"]
[Result "1/2-1/2"]
[WhiteElo "2498"]
[BlackElo "2365"]

1.e4 e6 2.d4 d5 3.Nc3 Bb4 4.e5 b6 5.a3 Bf8 6.Nf3 a5 7.h4 h6 8.h5 Ba6 9.Be2 Ne7
10.Nb5 Nc8 11.O-O Qd7 12.c4 dxc4 13.a4 Bb4 14.Bxc4 c6 15.Na3 Bxa3 16.Bxa6 Nxa6
17.Rxa3 Ne7 18.Nh4 O-O-O 19.Nf3 Kb7 20.Qe2 g6 21.Bd2 gxh5 22.Rb1 Nb4 23.Bxb4 axb4
24.Raa1 Rhg8 25.a5 b5 26.a6+ Ka8 27.Rc1 Rg4 28.Kf1 Rdg8 29.g3 Nf5 30.Qc2 Rxg3
31.Qe4 R3g4 32.Qxc6+ Qxc6 33.Rc2 Qc5 34.Rxc5 Rf4 35.Rc6 Nxd4 36.Ng1 Rfg4
37.Rc7 Rh4 38.Nh3 Rd8 39.Rd1 b3 40.Ng1 Re4 41.Rd3 Rd7 42.Nf3 Rd5 43.Rxf7 Nxf3
44.Rdxf3 Rexe5 45.Re7 Rf5 46.Rg3 Rg5 47.Rxb3 Rgf5 48.Rg3 Rg5  1/2-1/2

[Event "Gibraltar Masters 2019"]
[Site "Caleta ENG"]
[Date "2019.01.30"]
[Round "9.47"]
[White "Bulmaga,I"]
[Black "Sosa,T ARG"]
[Result "1/2-1/2"]
[WhiteElo "2407"]
[BlackElo "2499"]

1.e4 c5 2.Nf3 d6 3.d4 cxd4 4.Nxd4 Nf6 5.Nc3 Nc6 6.Bg5 e6 7.Qd2 a6 8.O-O-O Be7
9.Bxf6 gxf6 10.f4 Bd7 11.f5 Nxd4 12.Qxd4 Qa5 13.Be2 h5 14.Bf3 Rc8 15.Kb1 b5
16.a3 Rb8 17.Ne2 b4 18.axb4 Rxb4 19.Qc3 e5 20.Nc1 Qb6 21.Na2 Rb5 22.Be2 Rc5
23.Qe3 Bc6 24.Rd3 Rb5 25.Qxb6 Rxb6 26.Nc3 Rb4 27.Bf3 Kd7 28.Nd5 Rb7 29.Rhd1 Bxd5
30.Rxd5 h4 31.Ra5 Ra8 32.Be2 Rb4 33.Bf3 Bd8 34.Rad5 Rb6 35.R1d3 a5 36.Bd1 Rab8
37.b3 a4 38.c4 axb3 39.c5 Ra6 40.Bxb3 Bc7 41.Kc2 Rb4 42.Re3 Ke7 43.Kc3 Rd4
44.Rxd4 exd4+ 45.Kxd4 dxc5+ 46.Kxc5 Bb6+ 47.Kb5 Bxe3 48.Kxa6 h3 49.gxh3 Bf4
50.h4 Bxh2 51.Kb6 Kf8 52.Kc6 Be5 53.Kd7 Bd4 54.h5 Be5 55.Bc4 Bf4 56.Be2 Be3
57.Bd1 Bf4 58.Kc6 Ke7 59.Kd5 Bh6 60.Kd4 Bg5 61.Bb3 Bf4 62.Kd3 Bh6 63.Ke2 Bf4
64.Kf3 Bh6 65.Kg4 Bd2  1/2-1/2

[Event "Gibraltar Masters 2019"]
[Site "Caleta ENG"]
[Date "2019.01.30"]
[Round "9.46"]
[White "Ladron de Guevara Pinto,P"]
[Black "Demuth,A"]
[Result "1/2-1/2"]
[WhiteElo "2418"]
[BlackElo "2517"]

1.e4 e5 2.Nf3 Nc6 3.Bc4 Bc5 4.O-O Nf6 5.d3 a6 6.a4 O-O 7.Nbd2 d6 8.h3 Be6
9.Re1 Re8 10.Bxe6 Rxe6 11.Nc4 d5 12.exd5 Qxd5 13.Ne3 Qd7 14.Ng5 Ree8 15.Ne4 Nxe4
16.dxe4 Qxd1 17.Rxd1 Rad8 18.Bd2 Rd4 19.Nd5 Rxe4 20.Be3 Bd6 21.b3 Nb4 22.Nxb4 Rxb4
23.Rab1 b5 24.c3 Re4 25.axb5 axb5 26.Kf1 f5 27.Ra1 Rh4 28.Ra5 f4 29.Bc1 b4
30.c4 e4 31.Rd4 f3 32.Be3 fxg2+ 33.Kxg2 Bf4 34.Rd7 Bxe3 35.fxe3 Rh6 36.Rg5 c6
37.Rgxg7+ Kh8 38.Rg4 Rf6 39.Rgg7 Rh6 40.Rge7 Rg6+ 41.Kf2 Rf8+ 42.Rf7 Ra8
43.Ra7 Rd8 44.Rxh7+ Kg8 45.Rh4 Rd2+ 46.Kf1 Rf6+ 47.Ke1 Rb2 48.Rxe4 Rb1+ 49.Ke2 Rb2+
50.Kd3 Rd6+ 51.Rd4 Rxb3+ 52.Kd2 Rxd4+ 53.exd4 Rxh3 54.c5 Kf8 55.Rc7 Rh6 56.Kd3 Ke8
57.Kc4 Kd8 58.Rb7 Rh1 59.Rxb4 Kc7 60.Rb3 Rc1+ 61.Rc3 Rd1 62.Rh3 Kb7 63.Rh7+ Kc8
64.Kc3 Kb8 65.Rh4 Kc7 66.Kc2 Rg1 67.Kd3 Re1 68.Re4 Rd1+ 69.Ke3 Rf1 70.Rf4 Re1+
71.Kf3 Kd7 72.Re4 Rf1+ 73.Kg4 Rg1+ 74.Kf5 Rf1+ 75.Ke5 Rh1 76.Rg4 Re1+ 77.Re4 Rh1
78.Rg4 Re1+ 79.Re4  1/2-1/2

[Event "Gibraltar Masters 2019"]
[Site "Caleta ENG"]
[Date "2019.01.30"]
[Round "9.44"]
[White "Bjerre,Jonas Buhl"]
[Black "Zanan,E"]
[Result "1-0"]
[WhiteElo "2422"]
[BlackElo "2528"]

1.e4 c5 2.Nf3 e6 3.d4 cxd4 4.Nxd4 Nc6 5.Nc3 Qc7 6.Qd3 Nxd4 7.Qxd4 a6 8.Be2 Ne7
9.Be3 b5 10.O-O Nc6 11.Qd2 Be7 12.Bf4 Qa5 13.a3 O-O 14.Rfd1 Rd8 15.Bd6 Bb7
16.b4 Qb6 17.a4 Bxd6 18.Qxd6 bxa4 19.Nxa4 Qa7 20.Nc5 Qb6 21.c4 Rdc8 22.b5 axb5
23.Rxa8 Rxa8 24.cxb5 Ra2 25.Nxd7  1-0

[Event "Gibraltar Masters 2019"]
[Site "Caleta ENG"]
[Date "2019.01.30"]
[Round "9.43"]
[White "Sadzikowski,D"]
[Black "Sukandar,I"]
[Result "1-0"]
[WhiteElo "2534"]
[BlackElo "2397"]

1.e4 e5 2.Nf3 Nc6 3.Bb5 a6 4.Ba4 Nf6 5.O-O Be7 6.Re1 b5 7.Bb3 O-O 8.a4 b4
9.a5 d6 10.d3 Be6 11.Bxe6 fxe6 12.Nbd2 Qe8 13.c3 Nh5 14.Nc4 Rb8 15.Be3 Bf6
16.d4 bxc3 17.bxc3 exd4 18.cxd4 Rb5 19.Rc1 Bd8 20.Bd2 Nb4 21.Qe2 Nf4 22.Bxf4 Rxf4
23.Rb1 Nc6 24.Rxb5 axb5 25.Na3 Na7 26.Qd2 Rf7 27.d5 e5 28.Rd1 h6 29.a6 Qd7
30.Nc2 g5 31.Nb4 g4 32.Ne1 Bg5 33.Qc2 Qc8 34.Ned3 Kg7 35.Ra1 Qb8 36.Qe2 h5
37.h3 Qb6 38.hxg4 h4 39.Kh2 Qd4 40.Re1 Qc3 41.Qc2 Qd4 42.Kh3 Kh6 43.f3 Kg6
44.Rd1 Kg7 45.Qf2 Be3 46.Qxh4 Rf6 47.Nf4 Qxd1 48.Nh5+ Kg8 49.Nxf6+ Kf7 50.Qh7+ Kxf6
51.g5+ Bxg5 52.Qf5+ Ke7 53.Qxg5+ Kf7 54.Qf5+ Ke7 55.Nc6+ Nxc6 56.Qe6+ Kf8
57.dxc6 Qh1+ 58.Kg3 Qe1+ 59.Kg4  1-0

[Event "Gibraltar Masters 2019"]
[Site "Caleta ENG"]
[Date "2019.01.30"]
[Round "9.42"]
[White "Nguyen,Thai Dai Van"]
[Black "Larino Nieto,D"]
[Result "1-0"]
[WhiteElo "2535"]
[BlackElo "2432"]

1.e4 c5 2.Nf3 d6 3.d4 cxd4 4.Nxd4 Nf6 5.Nc3 Nc6 6.Bg5 e6 7.Qd2 a6 8.O-O-O Be7
9.f4 Bd7 10.Nf3 b5 11.Bxf6 gxf6 12.g3 Qb6 13.Kb1 O-O-O 14.Bh3 Kb8 15.Rhe1 Bc8
16.a3 d5 17.exd5 b4 18.axb4 Nxb4 19.Qe2 Rd7 20.dxe6 Rb7 21.b3 fxe6 22.Nd2 Nd5
23.Na4 Qc6 24.Bxe6 Rd8 25.Qc4 Qd6 26.Qxd5 Qa3 27.Qc6 Rc7 28.Qb6+ Rb7 29.Qc6 Rc7
30.Qe4 Bb7 31.Qe3 Qd6 32.Nc4 Qxd1+ 33.Rxd1 Rxd1+ 34.Kb2 Rh1 35.Qd2 f5 36.Ne5 Be4
37.Nc3  1-0

[Event "Gibraltar Masters 2019"]
[Site "Caleta ENG"]
[Date "2019.01.30"]
[Round "9.41"]
[White "Szczepkowska Horowska,K"]
[Black "Werle,J"]
[Result "0-1"]
[WhiteElo "2426"]
[BlackElo "2541"]

1.d4 Nf6 2.c4 e6 3.Nf3 c5 4.d5 d6 5.Nc3 exd5 6.cxd5 g6 7.Bf4 a6 8.a4 Bg7
9.h3 O-O 10.e3 Ne8 11.Be2 Nd7 12.O-O Qe7 13.Qd2 h6 14.Bh2 f5 15.Qc2 g5 16.Nd2 f4
17.Nc4 Ne5 18.exf4 gxf4 19.f3 Nxc4 20.Bxc4 Be5 21.Rfe1 Qg7 22.Kh1 Nf6 23.Bd3 Kh8
24.Be4 Bd7 25.Qd2 Rg8 26.Re2 Nh5 27.Qe1 Ng3+ 28.Bxg3 fxg3 29.Qf1 Raf8 30.Nd1 b5
31.a5 Rf4 32.Rc1 c4 33.Rcc2 Qf7 34.Rcd2 b4 35.Rc2 Bb5 36.Qe1 c3 37.bxc3 Bxe2
38.Qxe2 bxc3 39.Nxc3 Qc7 40.Nd1 Qxa5 41.Ra2 Qb5 42.Bd3 Qb3 43.Rxa6 Rd4 44.Nb2 Rh4
45.Nc4 Rxh3+ 46.Kg1 Bd4+ 47.Ne3 Bxe3+ 48.Qxe3 Qd1+ 49.Bf1 Rh1+ 50.Kxh1 Qxf1+  0-1

[Event "Gibraltar Masters 2019"]
[Site "Caleta ENG"]
[Date "2019.01.30"]
[Round "9.40"]
[White "Tomazini,Z"]
[Black "Santos Ruiz,Miguel"]
[Result "1/2-1/2"]
[WhiteElo "2439"]
[BlackElo "2543"]

1.e4 e5 2.Nf3 Nc6 3.Bc4 Nf6 4.d3 h6 5.O-O d6 6.Re1 Na5 7.Bd5 c6 8.Bxf7+ Kxf7
9.b4 Be7 10.Bd2 g5 11.Bc3 b5 12.bxa5 c5 13.a3 g4 14.Nfd2 Qg8 15.Nf1 Be6 16.Bd2 h5
17.Nc3 h4 18.f4 gxf3 19.Qxf3 Bg4 20.Qf2 Ke6 21.Ne3 Rf8 22.Nf5 a6 23.Nd1 h3
24.g3 Bh5 25.Nde3 Ng4 26.Nxg4 Bxg4 27.Rf1 Qh7 28.a4 b4 29.c3 Bxf5 30.exf5+ Rxf5
31.Qe2 bxc3 32.Bxc3 Rhf8 33.Qg4 Qh5 34.Qxh5 Rxh5 35.Rxf8 Bxf8 36.Kf2 Rf5+
37.Ke2 Kd5 38.Rb1 c4 39.dxc4+ Kxc4 40.Bd2 d5 41.g4 Rf7 42.g5 d4 43.g6 Rd7
44.Rb6 e4 45.Rc6+ Kd5 46.Rxa6 d3+ 47.Kd1 Bc5 48.Rf6 Rb7 49.Rf5+ Kc4 50.Bc1 Rg7
51.Re5 Rxg6 52.Rxe4+ Kc3 53.Bd2+ Kb3 54.Rh4 Rg1+ 55.Be1 d2 56.Kxd2 Bb4+ 57.Rxb4+ Kxb4
58.a6 Rg6 59.a7 Ra6 60.Ke2+ Kc4 61.Bf2 Rxa4 62.Kf3 Kd5 63.Kg3 Ra3+ 64.Kg4 Kc6
65.Bg3 Rxa7 66.Kxh3 Kd5 67.Kg4 Ke4 68.Kg5 Rg7+ 69.Kf6 Rb7 70.Kg5 Kf3 71.Kf5 Kg2
72.Ke4 Rf7 73.Bf4 Kh3 74.Bg3 Kg4 75.Be5 Re7 76.Kd5 Kf5 77.Bd6 Rd7 78.h4 Rh7
79.h5 Rxh5 80.Be5 Rh1 81.Bc3 Rd1+ 82.Bd4 Rd2 83.Kc5 Ke4 84.Bf6 Ra2 85.Kb6 Kd5
86.Bg5 Rb2+ 87.Kc7 Rb4 88.Bf6 Rf4 89.Bg5 Rc4+ 90.Kb7 Kd6 91.Be3 Rb4+ 92.Bb6 Rb2
93.Ka7 Kc6 94.Be3 Rb7+ 95.Ka8 Re7 96.Ba7 Re8+ 97.Bb8 Rg8 98.Ka7 Rg7+ 99.Ka8 Kb6
100.Bf4 Re7 101.Bg3 Re2 102.Bf4 Re1 103.Bg3 Rf1 104.Be5 Rf8+ 105.Bb8 Rf7
106.Be5 Ra7+ 107.Kb8 Rd7 108.Ka8 Rd3 109.Bf4 Ra3+ 110.Kb8 Rf3 111.Bc7+ Ka6
112.Be5 Rf7 113.Bg3 Rb7+ 114.Ka8 Kb6 115.Bf2+ Kc7 116.Bg3+ Kc8 117.Bf2 Rb3
118.Bd4 Ra3+ 119.Ba7 Rd3 120.Bg1 Kc7 121.Bh2+ Kc6 122.Ka7 Rd7+ 123.Ka8 Kb6
124.Bg1+ Ka6 125.Bh2 Rg7 126.Be5 Rg8+ 127.Bb8 Rxb8+ 128.Kxb8  1/2-1/2

[Event "Gibraltar Masters 2019"]
[Site "Caleta ENG"]
[Date "2019.01.30"]
[Round "9.39"]
[White "Solozhenkin,E"]
[Black "Kunin,V"]
[Result "1-0"]
[WhiteElo "2427"]
[BlackElo "2544"]

1.e4 d6 2.d4 Nf6 3.Nc3 Nbd7 4.Nf3 e5 5.Bc4 Be7 6.a4 O-O 7.O-O c6 8.Re1 exd4
9.Nxd4 Ne5 10.Bb3 Re8 11.h3 Bd7 12.Bf4 Bf8 13.Bg3 Qa5 14.Kh1 Rad8 15.f4 Ng6
16.Bh2 c5 17.Nf3 Be6 18.Bxe6 fxe6 19.f5 exf5 20.exf5 Ne7 21.Qd3 h6 22.Ne4 Nxe4
23.Qxe4 Kh8 24.Qxb7 c4 25.Qb5 Qb6 26.Qxb6 axb6 27.Nd4 Nd5 28.Ne6 Ra8 29.c3 Ra5
30.g4 Nf6 31.Nxf8 Rxf8 32.Bxd6 Rfa8 33.Be5 b5 34.Bxf6 gxf6 35.Re6 Kg7 36.Rb6 R8a7
37.Kg2 bxa4 38.Rb4 h5 39.Kg3 hxg4 40.hxg4 a3 41.Rxa3 Rxa3 42.bxa3 Rxa3 43.Rxc4 Ra1
44.Rc7+ Kh6 45.Kf4 Rg1 46.Rc8 Rd1 47.Rg8 Kh7 48.Rg6 Rd6 49.Ke4 Rc6 50.Kd4 Rd6+
51.Kc5  1-0

[Event "Gibraltar Masters 2019"]
[Site "Caleta ENG"]
[Date "2019.01.30"]
[Round "9.38"]
[White "Krishna,CRG"]
[Black "Lagno,Kateryna"]
[Result "1-0"]
[WhiteElo "2469"]
[BlackElo "2560"]

1.Nf3 g6 2.g3 Bg7 3.Bg2 c5 4.O-O Nc6 5.c4 e5 6.Nc3 Nge7 7.d3 O-O 8.Ne1 d6
9.Nc2 f5 10.Ne3 g5 11.Ned5 Ng6 12.Rb1 f4 13.Ne4 g4 14.Bd2 Nd4 15.e3 f3 16.exd4 fxg2
17.Kxg2 cxd4 18.f3 gxf3+ 19.Rxf3 Bf5 20.Rxf5 Rxf5 21.Qg4 Rf7 22.h4 Ne7 23.Qe6 Nxd5
24.Qxd5 Qd7 25.Nxd6 Rd8 26.Qxf7+ Qxf7 27.Nxf7 Kxf7 28.g4 Ke6 29.Rf1 Rc8 30.b3 Bf6
31.g5 Be7 32.Rf2 b5 33.cxb5 Rc2 34.a4 Rb2 35.h5 Rxb3 36.g6 hxg6 37.h6 Bf6
38.Bg5 Bh8 39.Rf8 e4 40.Rxh8 Kf5 41.Rf8+  1-0

[Event "Gibraltar Masters 2019"]
[Site "Caleta ENG"]
[Date "2019.01.30"]
[Round "9.37"]
[White "Yuffa,D"]
[Black "Khademalsharieh,S"]
[Result "1-0"]
[WhiteElo "2578"]
[BlackElo "2468"]

1.g3 d5 2.Nf3 e6 3.Bg2 Nf6 4.O-O c5 5.d3 Nc6 6.Nbd2 g6 7.e4 Bg7 8.exd5 Nxd5
9.Nb3 b6 10.c4 Nde7 11.Re1 O-O 12.h4 Bb7 13.Bg5 Qd7 14.Qd2 Nf5 15.Rad1 f6
16.Be3 e5 17.Nc1 Rad8 18.a3 Qc8 19.Qe2 Nxe3 20.Qxe3 Qa8 21.Ne2 Rf7 22.Nd2 Rfd7
23.Bd5+ Rxd5 24.cxd5 Rxd5 25.Ne4 f5 26.Ng5 Qc8 27.b4 h6 28.Nf3 cxb4 29.d4 f4
30.Qd3 Qg4 31.Nh2 Qh5 32.g4 Qxh4 33.Qxg6 Ne7 34.Qe6+ Kh7 35.Nxf4 Bc8 36.Qf7 exf4
37.Rxe7 Rg5 38.f3 h5 39.Qf8 hxg4 40.Qxc8 gxf3+ 41.Kh1 Rg6 42.Rxg7+ Rxg7 43.Qf5+ Rg6
44.Rc1 Qg3 45.Qh5+  1-0

[Event "Gibraltar Masters 2019"]
[Site "Caleta ENG"]
[Date "2019.01.30"]
[Round "9.36"]
[White "Bilguun,Sumiya"]
[Black "Cornette,M"]
[Result "1/2-1/2"]
[WhiteElo "2471"]
[BlackElo "2587"]

1.e4 d6 2.d4 Nf6 3.Nc3 e5 4.Nf3 Nbd7 5.Bc4 Be7 6.O-O O-O 7.a4 exd4 8.Nxd4 Ne5
9.Ba2 Nc6 10.Re1 Nb4 11.Bb3 c5 12.Nde2 Be6 13.Bxe6 fxe6 14.Nf4 Qd7 15.Nd3 Rad8
16.Qe2 Nc6 17.Be3 e5 18.Bg5 Nd4 19.Qd2 Qg4 20.Kh1 c4 21.Nb4 a5 22.Bxf6 Bxf6
23.Nbd5 Bg5 24.Ne3 Qh4 25.Rf1 Rf6 26.Qd1 Rxf2 27.Rxf2 Qxf2 28.Nxc4 Nxc2 29.Qd5+ Kh8
30.Rg1 Ne3 31.Qd3 Nxc4 32.Qxc4 Rf8 33.Nd5 Be3 34.Nxe3 Qxe3 35.Rf1 Rxf1+ 36.Qxf1 h5
37.Qf8+ Kh7 38.Qf5+ Kh6 39.Qe6+ g6 40.h3 Qc1+ 41.Kh2 Qf4+ 42.Kh1 Qxe4 43.Qxd6 Qf4
44.Qd8 h4 45.Qh8+ Kg5 46.Qd8+ Kh6 47.Qh8+ Kg5 48.Qd8+ Qf6 49.Qxa5 Qf1+ 50.Kh2 Qf4+
51.Kh1 Qc1+ 52.Kh2 Qxb2 53.Qd8+ Kf5 54.Qxh4 Qd4 55.Qe7 Qf4+ 56.Kg1 Qc1+ 57.Kh2 Qc6
58.Qf7+ Kg5  1/2-1/2

[Event "Gibraltar Masters 2019"]
[Site "Caleta ENG"]
[Date "2019.01.30"]
[Round "9.35"]
[White "Harika,D"]
[Black "Sethuraman,S"]
[Result "0-1"]
[WhiteElo "2471"]
[BlackElo "2665"]

1.Nf3 d5 2.d4 Nf6 3.c4 e6 4.Nc3 Bb4 5.Bd2 dxc4 6.e3 c5 7.Bxc4 O-O 8.a3 cxd4
9.axb4 dxc3 10.Bxc3 Ne4 11.Qxd8 Rxd8 12.Ke2 Nxc3+ 13.bxc3 Bd7 14.Rhd1 Rc8
15.Ne5 Be8 16.Ra3 Nc6 17.Nxc6 Bxc6 18.f3 a6 19.Bd3 Kf8 20.c4 Ke7 21.Rb1 f5
22.Rb2 g5 23.Rba2 Rab8 24.Rb2 Bd7 25.c5 Bc6 26.e4 Kf6 27.exf5 exf5 28.Kf2 Rd8
29.b5 axb5 30.Bxb5 Bd5 31.Rc3 Rbc8 32.Be2 Ra8 33.Rcc2 Rac8 34.Rd2 Bc6 35.Rdc2 Rc7
36.Bb5 Bd5 37.Rc3 Rdc8 38.Rbc2 h5 39.Rc1 Re7 40.R3c2 Rec7 41.Rc3 f4 42.h3 Re7
43.R3c2 Rec7 44.Rc3 Kg7 45.R3c2 Kg6 46.Bd3+ Kf6 47.Bb5 Bc6 48.Rb2 Rd8 49.Bxc6 bxc6
50.Re1 Rd5 51.Rbe2 Rxc5 52.Re6+ Kg7 53.R1e5 Rb5 54.Re4 h4 55.Rd4 Rf5 56.Rdd6 c5
57.Rg6+ Kf7 58.Rh6 Ke7 59.Rhe6+ Kf8 60.Rd8+ Kf7 61.Rh6 Ke7 62.Rdd6 c4 63.Rc6 Kd7
64.Rhd6+ Kc8 65.Ke1 Ra5 66.Ra6 Rac5 67.Kd2 c3+ 68.Kc2 Re5 69.Re6 Rb5 70.Reb6 Rbc5
71.Rd6 Re7 72.Re6 Rxe6 73.Rxe6 Kd7 74.Re2 Kc6 75.Re8 Kd5 76.Rd8+ Ke5 77.Re8+ Kd4
78.Re4+ Kd5 79.Re8 Kc4 80.Re4+ Kb5 81.Re8 Kb4 82.Re4+ Rc4 83.Re8 Rc5 84.Re4+ Ka5
85.Re7 Kb5 86.Re8 Kc4 87.Re4+ Kd5 88.Re8 Rc6 89.Rd8+ Ke5 90.Re8+ Kd4 91.Rd8+ Ke3
92.Rd5 Rg6 93.Kxc3 Kf2 94.Rd2+ Kf1 95.Ra2 Re6 96.Kd3 Re3+ 97.Kd4 Re2 98.Ra5 Rxg2
99.Ke4 Kg1  0-1